Normal view
MARC view
Entry Personal Name
001 - CONTROL NUMBER
- control field: 10377
003 - CONTROL NUMBER IDENTIFIER
- control field: BD-DhEWU
005 - DATE AND TIME OF LATEST TRANSACTION
- control field: 20140528161223.0
008 - FIXED-LENGTH DATA ELEMENTS
- fixed length control field: 140528|| aca||aabn | a|a d
040 ## - CATALOGING SOURCE
- Original cataloging agency: BD-DhEWU
- Transcribing agency: BD-DhEWU
100 ## - HEADING--PERSONAL NAME
- Personal name: Slater, Jeffrey,
- Dates associated with a name: 1947-
670 ## - SOURCE DATA FOUND
- Source citation: Work cat.: (BD-DhEWU)2713: Slater, Jeffrey, 1947-, College accounting :, c1996.